| 000 | 00828nam a2200229 a 4500 | ||
|---|---|---|---|
| 001 | 000029357 | ||
| 003 | DO-SdBNP | ||
| 005 | 20220921095326.0 | ||
| 007 | ta | ||
| 008 | 110415s2017 dr 000 0 spa d | ||
| 040 |
_aDO-SdBNP _bspa _cBNPHU |
||
| 082 |
_a700.79 _b F418m |
||
| 111 | 2 |
_aFestival musical de Santo Domingo _n11) _d(2017: _cSanto Domingo) _956232 |
|
| 245 | 1 | 0 |
_a11 Festival musical de Santo Domingo / _cJosé Antonio Molina |
| 246 | 1 |
_aDécimo primero festival musical de Santo Domingo : _bnovena sinfonía de Beethoven |
|
| 260 |
_aSanto Domingo : _bVicepresidencia de la República, _c2017 _bFundación Sinfonía |
||
| 300 |
_a[24] p. : _bil. ; _c22 cm. |
||
| 590 | _aInventariado, 2022 / DG | ||
| 650 | 4 |
_aFestivales musicales _xSanto Domingo _zRepública Dominicana _982411 |
|
| 910 | _aDG | ||
| 942 |
_2ddc _cLF2 |
||
| 999 |
_c52434 _d52434 |
||